| 000 | 00515nam a2200181Ia 4500 | ||
|---|---|---|---|
| 003 | OSt | ||
| 005 | 20250212091906.0 | ||
| 008 | 210210b1941 xxu||||| |||| 00| 0 eng d | ||
| 040 | _cAL | ||
| 041 | _akan | ||
| 082 | _a859/958 | ||
| 100 |
_aNAGESHA KULAKARANI _9145589 _dನಾಗೇಶ್ ಕುಲಕರ್ಣಿ |
||
| 245 |
_aEchchama nayaka: _bಎಚ್ಚಮ ನಾಯಕ |
||
| 260 |
_aAnandavana _bSheshachala Granthamale _c1941 |
||
| 690 |
_aKannada Fiction _9145590 |
||
| 906 | _a021708 | ||
| 942 |
_2ddc _cBK |
||
| 999 |
_c145808 _d145808 |
||